| 000 | 00491nam a22001697a 4500 | ||
|---|---|---|---|
| 999 |
_c8988 _d8988 |
||
| 008 | 210309b ||||| |||| 00| 0 eng d | ||
| 040 | _aBMS College of Architecture | ||
| 100 | _aShah, Dwani | ||
| 245 | _aSporting recreation | ||
| 300 | _a44p. | ||
| 500 | _a1BM09AT014 | ||
| 502 |
_8B.Arch _NBMS Architecture, Visvesvaraya Technological University (VTU) _aProject report _d2013 |
||
| 650 | _aNA | ||
| 700 |
_aAjaichandran C K _eGuide |
||
| 700 |
_aBhagyalaxmi M _eGuide |
||
| 942 |
_2ddc _cTHE |
||